MyGZULibrary

International management : (Record no. 1500)

MARC details
000 -LEADER
fixed length control field 01765cam a22004214a 4500
001 - CONTROL NUMBER
control field 15501416
003 - CONTROL NUMBER IDENTIFIER
control field GZU
005 - DATE AND TIME OF LATEST TRANSACTION
control field 20201019093841.0
008 - FIXED-LENGTH DATA ELEMENTS--GENERAL INFORMATION
fixed length control field 081027s2009 mauab b 001 0 eng d
010 ## - LIBRARY OF CONGRESS CONTROL NUMBER
LC control number 2008940396
020 ## - INTERNATIONAL STANDARD BOOK NUMBER
International Standard Book Number 9780073210575
020 ## - INTERNATIONAL STANDARD BOOK NUMBER
International Standard Book Number 0073210579
035 ## - SYSTEM CONTROL NUMBER
System control number (OCoLC)ocn302345990
040 ## - CATALOGING SOURCE
Original cataloging agency Nz
Transcribing agency UW1
Modifying agency YDXCP
-- DLC
042 ## - AUTHENTICATION CODE
Authentication code lccopycat
050 00 - LIBRARY OF CONGRESS CALL NUMBER
Classification number HD 62.4
Item number .PHA 2009
082 04 - DEWEY DECIMAL CLASSIFICATION NUMBER
Classification number 658.049
Edition number 22
100 1# - MAIN ENTRY--PERSONAL NAME
Personal name Phatak, Arvind V.
245 10 - TITLE STATEMENT
Title International management :
Remainder of title managing in a diverse and dynamic global environment /
Statement of responsibility, etc. Arvind V. Phatak, Rabi S. Bhagat, Roger J. Kashlak.
250 ## - EDITION STATEMENT
Edition statement 2nd ed.
260 ## - PUBLICATION, DISTRIBUTION, ETC.
Place of publication, distribution, etc. Boston, Mass. :
Name of publisher, distributor, etc. McGraw-Hill Irwin,
Date of publication, distribution, etc. c2009.
300 ## - PHYSICAL DESCRIPTION
Extent xviii, 540 p. :
Other physical details ill., maps ;
Dimensions 26 cm.
504 ## - BIBLIOGRAPHY, ETC. NOTE
Bibliography, etc. note Includes bibliographical references and indexes.
650 #0 - SUBJECT ADDED ENTRY--TOPICAL TERM
Topical term or geographic name entry element International business enterprises
General subdivision Management.
650 #0 - SUBJECT ADDED ENTRY--TOPICAL TERM
Topical term or geographic name entry element Strategic planning.
650 #0 - SUBJECT ADDED ENTRY--TOPICAL TERM
Topical term or geographic name entry element Intercultural communication.
650 #0 - SUBJECT ADDED ENTRY--TOPICAL TERM
Topical term or geographic name entry element Diversity in the workplace
General subdivision Management.
650 #0 - SUBJECT ADDED ENTRY--TOPICAL TERM
Topical term or geographic name entry element Industrial management.
650 #0 - SUBJECT ADDED ENTRY--TOPICAL TERM
Topical term or geographic name entry element International business enterprises
General subdivision Management
Form subdivision Case studies.
700 1# - ADDED ENTRY--PERSONAL NAME
Personal name Bhagat, Rabi S.,
Dates associated with a name 1950-
700 1# - ADDED ENTRY--PERSONAL NAME
Personal name Kashlak, Roger J.
856 42 - ELECTRONIC LOCATION AND ACCESS
Materials specified Contributor biographical information
Uniform Resource Identifier <a href="http://www.loc.gov/catdir/enhancements/fy0912/2008940396-b.html">http://www.loc.gov/catdir/enhancements/fy0912/2008940396-b.html</a>
856 42 - ELECTRONIC LOCATION AND ACCESS
Materials specified Publisher description
Uniform Resource Identifier <a href="http://www.loc.gov/catdir/enhancements/fy0912/2008940396-d.html">http://www.loc.gov/catdir/enhancements/fy0912/2008940396-d.html</a>
856 41 - ELECTRONIC LOCATION AND ACCESS
Materials specified Table of contents only
Uniform Resource Identifier <a href="http://www.loc.gov/catdir/enhancements/fy0912/2008940396-t.html">http://www.loc.gov/catdir/enhancements/fy0912/2008940396-t.html</a>
906 ## - LOCAL DATA ELEMENT F, LDF (RLIN)
a 7
b cbc
c copycat
d 2
e ncip
f 20
g y-gencatlg
942 ## - ADDED ENTRY ELEMENTS (KOHA)
Source of classification or shelving scheme Library of Congress Classification
Koha item type Books
Edition 2nd ed.
Classification part 62.4
Item part PHA
Call number prefix HD
Holdings
Withdrawn status Lost status Damaged status Not for loan Collection code Home library Current library Shelving location Date acquired Total Checkouts Full call number Barcode Date last seen Copy number Price effective from Koha item type
        Non-fiction City Campus Library City Campus Library General Stacks 10/19/2020   HD 62.4 PHA 2009 B017621 10/19/2020 c.1 10/19/2020 Books
        Non-fiction City Campus Library City Campus Library General Stacks 10/19/2020   HD 62.4 PHA 2009 B017828 10/19/2020 C.2 10/19/2020 Books
        Non-fiction City Campus Library City Campus Library General Stacks 10/19/2020   HD 62.4 PHA 2009 B017873 10/19/2020 c.3 10/19/2020 Books
        Non-fiction Mashava Campus Library Mashava Campus Library General Stacks 05/03/2021   HD62.4 PHA 2009 B017515 05/03/2021 c.4 05/03/2021 Books
        Non-fiction Mashava Campus Library Mashava Campus Library General Stacks 05/03/2021   HD62.4 PHA 2009 B017831 05/03/2021 c.5 05/03/2021 Books
        Non-fiction Mashava Campus Library Mashava Campus Library General Stacks 05/03/2021   HD62.4 PHA 2009 9594 05/03/2021 c.6 05/03/2021 Books
        Non-fiction Mashava Campus Library Mashava Campus Library General Stacks 05/03/2021   HD62.4 PHA 2009 B017829 05/03/2021 c.7 05/03/2021 Books
        Non-fiction Mashava Campus Library Mashava Campus Library General Stacks 05/03/2021   HD62.4 PHA 2009 B0175960 05/03/2021 c.8 05/03/2021 Books
        Non-fiction Mashava Campus Library Mashava Campus Library General Stacks 05/21/2021   HD62.4 PHA 2009 9589 05/21/2021 c.9 05/21/2021 Books